[Event "Borup op 5th"]
[Site "Borup"]
[Date "2010.09.12"]
[Round "9"]
[White "Larsen, Jesper Riis"]
[Black "Molvig, Julius"]
[Result "1-0"]
[WhiteElo "2004"]
[BlackElo "1801"]
[PlyCount "81"]
[EventDate "2010.09.03"]
[EventType "swiss"]
[EventRounds "9"]
[EventCountry "DEN"]
[SourceTitle "CBM 138 Extra"]
[Source "ChessBase"]
[SourceDate "2010.10.29"]
[SourceVersion "1"]
[SourceVersionDate "2010.10.29"]
[SourceQuality "1"]

1. d4 Nf6 2. Nf3 g6 3. c4 c5 4. Nc3 cxd4 5. Nxd4 Bg7 6. e4 d6 7. Be2 0-0 8. Be3 Nc6 9. 0-0 Bd7 10. Qd2 Rc8 11. f3 a6 12. Rfd1 Re8 13. Rac1 Ne5 14. b3 Bc6 15. Nxc6 Nxc6 16. Nd5 Nd7 17. f4 Qa5 18. Bg4 Rcd8 19. Qxa5 Nxa5 20. Bxd7 Rxd7 21. b4 Nc6 22. b5 axb5 23. cxb5 Nd8 24. Nc7 Rf8 25. a4 Ne6 26. Nd5 Rfd8 27. Rc4 Nc5 28. Nb6 Rc7 29. Bxc5 Rdc8 30. Nxc8 Rxc8 31. Rdc1 dxc5 32. e5 Bh6 33. Rxc5 Rxc5 34. Rxc5 Bxf4 35. Rc8+ Kg7 36. Rc7 Bxe5 37. Rxb7 Kf6 38. a5 Bd4+ 39. Kf1 e5 40. a6 e4 41. a7 1-0

[Event "Borup op 5th"]
[Site "Borup"]
[Date "2010.09.05"]
[Round "4"]
[White "Danielsen, Henrik"]
[Black "Larsen, Jesper Riis"]
[Result "1-0"]
[WhiteElo "2529"]
[BlackElo "2004"]
[PlyCount "69"]
[EventDate "2010.09.03"]
[EventType "swiss"]
[EventRounds "9"]
[EventCountry "DEN"]
[SourceTitle "CBM 138 Extra"]
[Source "ChessBase"]
[SourceDate "2010.10.29"]
[SourceVersion "1"]
[SourceVersionDate "2010.10.29"]
[SourceQuality "1"]

1. g3 Nf6 2. Bg2 d5 3. Nf3 c6 4. b3 e6 5. Bb2 Nbd7 6. 0-0 Bd6 7. c4 0-0 8. d3 Qe7 9. Qc2 b6 10. a3 Bb7 11. Nc3 Rac8 12. e4 e5 13. Bh3 d4 14. Ne2 Rcd8 15. Bc1 Bc8 16. b4 c5 17. Nh4 Nb8 18. Bxc8 Rxc8 19. Nf5 Qc7 20. b5 Rfe8 21. f4 Nbd7 22. Bd2 Nf8 23. Rf3 Ng6 24. Raf1 Ne7 25. fxe5 Bxe5 26. Nxe7+ Qxe7 27. Bg5 Qd6 28. Qc1 Rc7 29. Bxf6 Bxf6 30. Rxf6 gxf6 31. Qh6 Re6 32. Nf4 f5 33. Nxe6 fxe6 34. Rxf5 Rg7 35. e5 1-0

[Event "Borup op 4th"]
[Site "Borup"]
[Date "2009.09.06"]
[Round "4"]
[White "Larsen, Jesper Riis"]
[Black "Antonsen, Mikkel"]
[Result "0-1"]
[WhiteElo "1998"]
[BlackElo "2428"]
[PlyCount "60"]
[EventDate "2009.09.04"]
[EventType "swiss"]
[EventRounds "9"]
[EventCountry "DEN"]
[SourceTitle "CBM 132 Extra"]
[Source "ChessBase"]
[SourceDate "2009.11.03"]
[SourceVersion "1"]
[SourceVersionDate "2009.11.03"]
[SourceQuality "1"]

1. d4 Nf6 2. Nf3 e6 3. c4 c5 4. e3 cxd4 5. exd4 d5 6. Nc3 Bb4 7. Qc2 Nc6 8. a3 Bxc3+ 9. bxc3 0-0 10. Bg5 h6 11. Bxf6 Qxf6 12. cxd5 exd5 13. Be2 Ne7 14. Ne5 Qg5 15. g3 Bh3 16. f4 Qf6 17. Bg4 Bxg4 18. Nxg4 Qe6+ 19. Qe2 Qc6 20. Qd3 Rac8 21. Kd2 Qd6 22. Ne3 Rc6 23. Rhb1 Qd7 24. Qe2 Nc8 25. Rb5 Nd6 26. Rxd5 Ne4+ 27. Kd3 Rxc3+ 28. Kxe4 Qc6 29. Qh5 Re8+ 30. Kf3 Rcxe3+ 0-1

[Event "Borup op 4th"]
[Site "Borup"]
[Date "2009.09.05"]
[Round "2"]
[White "Larsen, Jesper Riis"]
[Black "Andersen, Lars Rene"]
[Result "1/2-1/2"]
[WhiteElo "1998"]
[BlackElo "2095"]
[PlyCount "121"]
[EventDate "2009.09.04"]
[EventType "swiss"]
[EventRounds "9"]
[EventCountry "DEN"]
[SourceTitle "CBM 132 Extra"]
[Source "ChessBase"]
[SourceDate "2009.11.03"]
[SourceVersion "1"]
[SourceVersionDate "2009.11.03"]
[SourceQuality "1"]

1. Nf3 c5 2. b3 d5 3. e3 Nf6 4. Bb2 g6 5. c4 e6 6. d4 cxd4 7. Qxd4 Bg7 8. cxd5 exd5 9. Bb5+ Nc6 10. 0-0 0-0 11. Qh4 Bf5 12. Nbd2 Ne4 13. Qxd8 Rfxd8 14. Bxg7 Nxd2 15. Nxd2 Kxg7 16. Bxc6 bxc6 17. Rac1 Rac8 18. Rc5 d4 19. exd4 Rxd4 20. Nf3 Rd3 21. Rfc1 Be4 22. Ne5 Rd2 23. f3 Bf5 24. Ra5 Re8 25. Nc4 Rd7 26. Kf2 Be6 27. Ne5 Rd2+ 28. Kf1 Bd5 29. Re1 Re7 30. Nd3 Rb7 31. Nf4 Rc7 32. Re2 Rd4 33. Nxd5 cxd5 34. Kf2 h5 35. h3 h4 36. Ke3 Rd1 37. Rd2 Re7+ 38. Kd3 Rxd2+ 39. Kxd2 Rd7 40. Kd3 Kf6 41. Kd4 Kf5 42. Ke3 g5 43. Ra4 d4+ 44. Rxd4 Rxd4 45. Kxd4 Kf4 46. a4 Kg3 47. b4 Kxg2 48. b5 Kxh3 49. a5 Kg2 50. b6 axb6 51. axb6 h3 52. b7 h2 53. b8Q h1Q 54. Qb2+ Kg3 55. Qb8+ Kh3 56. Qh8+ Kg2 57. Qxh1+ Kxh1 58. Ke4 Kg2 59. Kf5 Kxf3 60. Kxg5 Ke4 61. Kf6 1/2-1/2

[Event "Borup op 4th"]
[Site "Borup"]
[Date "2009.09.05"]
[Round "3"]
[White "Meyer, Lars A"]
[Black "Larsen, Jesper Riis"]
[Result "1-0"]
[WhiteElo "2268"]
[BlackElo "1998"]
[PlyCount "55"]
[EventDate "2009.09.04"]
[EventType "swiss"]
[EventRounds "9"]
[EventCountry "DEN"]
[SourceTitle "CBM 132 Extra"]
[Source "ChessBase"]
[SourceDate "2009.11.03"]
[SourceVersion "1"]
[SourceVersionDate "2009.11.03"]
[SourceQuality "1"]

1. d4 d5 2. c4 c6 3. Nf3 Nf6 4. Nc3 e6 5. Bg5 dxc4 6. e4 b5 7. a4 b4 8. Na2 Ba6 9. Ne5 Nbd7 10. Bxc4 Bxc4 11. Nxc4 Qc7 12. Qf3 c5 13. d5 e5 14. 0-0 Bd6 15. Nc1 a5 16. Nd3 0-0 17. Rac1 Rac8 18. b3 h6 19. Bxf6 Nxf6 20. Ne3 Rfe8 21. Nf5 Kh7 22. Nb2 Rf8 23. Rfe1 Ne8 24. Qh3 Qd7 25. Re3 Rc7 26. Nc4 Ra7 27. Rg3 Rg8 28. Ncxd6 1-0